| 000 | 00000nas 2200000za 4500 |
| 001 | 9.817946 |
| 003 | CaOODSP |
| 005 | 20221107142610 |
| 007 | cr ||||||||||| |
| 008 | 160518d19581976oncar p oss f000#a0eng|d |
| 040 | |aCaOODSP|beng |
| 041 | |aeng|afre |
| 043 | |an-cn--- |
| 086 | 1 |aCS53-201-PDF |
| 245 | 00|aRoad and street mileage and expenditure |h[electronic resource] = |bVoies publiques : longueur et dépenses. |
| 246 | 11|aVoies publiques : longueur et dépenses |
| 246 | 13|aRoad and street length and financing |f1974-1976 |
| 246 | 13|aVoies publiques : |blongueur et financement |f1974-1976 |
| 260 | |aOttawa : |bDominion Bureau of Statistics, Public Finance and Transportation Division, Transportation Section = Bureau fédéral de la statistique, Division des finances publiques et des transports, Section des transports, |c1960-1979. |
| 310 | |aAnnual |
| 362 | 0 |a1958-1976. |
| 500 | |aDigitized edition from print [produced by Statistics Canada]. |
| 500 | |aCover title. |
| 500 | |aIssues for 1974-1976 have title: Road and street length and financing. |
| 546 | |aText in English only, 1958-1968; text in English and French, 1969-1976. |
| 550 | |aIssued 1964-1966 by Transportation and Public Utilities Section; 1967-1969 by Transportation Section; 1970-1971 by Statistics Canada, Transportation and Communications Division, Transportation Section; 1972-1976 by Surface Transport Section. |
| 692 | 07|2gccst|aRoad transport |
| 692 | 07|2gccst|aRoad networks |
| 692 | 07|2gccst|aExpenditures |
| 710 | 1 |aCanada. |bDominion Bureau of Statistics. |bTransportation Section. |
| 710 | 1 |aCanada. |bDominion Bureau of Statistics. |bTransportation and Public Utilities Section. |
| 710 | 2 |aStatistics Canada.|bTransportation Section. |
| 710 | 2 |aStatistics Canada.|bSurface Transport Section. |
| 780 | 00|tHighway statistics |w(CaOODSP)9.817944 |
| 792 | |tRoad and street mileage and expenditure |efre|w(CaOODSP)9.817959 |